[Event "Vidmar Memorial 13th"]
[Site "Portoroz"]
[Date "1999.06.20"]
[Round "7"]
[White "Kozul, Zdenko"]
[Black "Beliavsky, Alexander G"]
[Result "0-1"]
[WhiteElo "2585"]
[BlackElo "2650"]
[Annotator "Ribli,Z"]
[PlyCount "60"]
[EventDate "1999.06.??"]
[EventType "tourn"]
[EventRounds "10"]
[EventCountry "SLO"]
[EventCategory "14"]
[SourceTitle "CBM 072"]
[Source "ChessBase"]
[SourceDate "1999.10.01"]
[SourceVersion "1"]
[SourceVersionDate "1999.10.01"]
[SourceQuality "1"]

{[%mdl 10242]} 1. d4 Nf6 2. c4 e6 3. Nf3 d5 4. g3 {Der kroatische Grossmeister
wählt die Katalanische Eröffnung, die Beliavsky allerdings mit beiden Farben
spielt. Ribli.} Be7 5. Bg2 O-O 6. O-O dxc4 {Beliavsky spielt gern die
sogenannte klassische Variante. Schwarz nimmt den Bauern und entwickelt seinen
Damenflügel, während Weiss ihn zurückgewinnt.} 7. Qc2 a6 8. a4 {Heutzutage
wird die alte Fortsetzung 8.Qxc4 weniger gespielt.} Bd7 9. Qxc4 Bc6 10. Bg5 {
Weiss ist bereit, in einigen Varianten den Läufer gegen den Springer f6 zu
tauschen, um dann das Zentrum mit Nc3 nebst e2-e4 zu besetzen.} Bd5 (10... a5)
11. Qd3 c5 12. Nc3 (12. dxc5) 12... Bc6 (12... cxd4 $5 13. Nxd5 Nxd5 14. Bxe7
Qxe7 15. Nxd4 Nc6 $11) 13. Rfd1 (13. Bxf6 Bxf6 14. dxc5 Nd7 15. Qc4 Qe7 16. b4
a5 17. Nd4 Bxg2 18. Kxg2 axb4 19. Ne4 Rfc8 20. a5 Bxd4 21. Qxd4 Nxc5 $11 {
1/2-1/2 Nikolic,P-Boensch,U/Munich 1990 (37)}) 13... cxd4 14. Nxd4 Bxg2 15.
Kxg2 Nbd7 $1 {Die Stellung Beliavsky wohlbekannt, denn er hat sie schon
gespielt. Der Textzug ist die beste Möglichkeit für Schwarz, denn er kann
jetzt eventuell mit dem Springer auf f6 zurückschlagen.} (15... Qa5 16. Bxf6 $1
(16. Ne4 Nbd7) 16... Bxf6 17. Ne4 Bxd4 (17... Nd7 18. Qb3 (18. Nb3 Qb4 19. Rac1
Qxa4 20. Nbc5 Nxc5 21. Nxf6+ gxf6 22. Rxc5 Rac8 23. Rh5 Qc2 24. Qf3 f5 25. Rd4
Qc6 26. e4 $44 {1-0 Akesson,R-Wells,P/Antwerp op 1995 (36)}) 18... Bxd4 19.
Rxd4 Nc5 20. Nxc5 Qxc5 21. Rc4 $14) 18. Qxd4 Nc6 19. Qc5 Rac8 $6 (19... Rfd8)
20. Qxa5 Nxa5 21. Nd6 {1-0 Tukmakov,V-Beliavsky,A/Portoroz 1996/Inf 66/
[Tukmakov,V] (41)}) (15... h6 16. Bxf6 Bxf6 17. Ne4 Bxd4 18. Qxd4 Qxd4 19. Rxd4
$14 {[%csl Gd4,Ge4] 1-0 Kozul,Z-Nikolic,P/Sarajevo 1998/CBM 66/[Ribli] (61)
Die Stellung ist fast symmetrisch, aber Weiß hat das viel bessere Figurenspiel,
viele Möglichkeiten einzudringen.}) 16. f4 $6 {Dieser Zug gefällt mir nicht,
denn er schwächt die weisse Königsstellung. Die Alternative 16.Qf3 scheint mir
am besten zu sein, aber Schwarz hat auch dann keine Problemen.} (16. Qf3 Rb8 (
16... Qb8 17. Rac1 {1/2-1/2 Garcia Ilundain,D-Wells,P/Escaldes 1998/CBM 68_07 
(17)}) 17. Bxf6 Bxf6 18. Ne4 Qb6 19. Qe3 Rfd8 20. Rd2 Be7 21. Rad1 Qc7 22. Nb3
Qc6 23. Nd4 Qc7 24. Nb3 Nb6 25. Rxd8+ Rxd8 26. Rxd8+ Qxd8 27. Nec5 {1/2-1/2
Wojtkiewicz,A-Georgiev,K/Metz 1997/EXT 99 (42)}) (16. e4 Rc8 $11) 16... Rc8 $11
{Schwarz ist harmonisch entwickelt und seine Stellung weist keine Schwächen
auf, während beim Weissen, der mehr Raum kontrolliert die Felder e4 und b4
schwach sind.} 17. e4 h6 18. Bh4 Qb6 19. Qe2 $6 (19. Rab1 $5 Bc5 $11 (19... Bb4
$11) (19... Rfd8 20. e5 {[%csl Re7][%cal Gh4e7]} g5 {[%csl Rh4]} 21. exf6 Bxf6
22. a5 Qc7 23. Nxe6 Qc6+ 24. Qe4 Qxe6 25. Qxe6 fxe6 26. Ne4 gxh4 27. Rxd7 Bd4
$14)) 19... Bb4 20. Na2 (20. Rab1 $5 $11) 20... Bc5 21. a5 $2 {Ich kann diese
Fortsetzung nicht verstehen. Weiss opfert einen Bauern für nichts.} (21. Nf3
$11) 21... Qxa5 $17 22. e5 (22. b4 {[%cal Rb4c5,Rb4a5]} Bxb4 23. Nxb4 Qxb4 24.
Rab1 Qc4 $19) 22... Bxd4 $1 (22... Nd5 $17 {[%csl Gd5]}) 23. exf6 (23. Rxd4 Nd5
{[%csl Gd5]}) 23... Qd5+ 24. Kh3 (24. Qf3 Rc2+ $19) 24... Nxf6 25. Rd3 (25.
Bxf6 Qf5+ $19) 25... Ne4 26. g4 f5 $19 {Schwarz hat zwei gesunde Mehrbauern
und entscheidenden Angriff.} 27. Nc3 Nxc3 28. bxc3 Rxc3 29. Rxc3 Bxc3 30. Rb1
fxg4+ {Und Weiss verliert weiteres Material und gab daher auf. Eine schlechte
Partie von Kozul.} (30... fxg4+ 31. Kg3 (31. Kxg4 Qf5+ $19 {[%cal Rf5g4,Rf5b1]}
) (31. Qxg4 Qd3+ $19 {[%cal Rd3h3,Rd3b1]}) 31... g5 $19) 0-1

[Event "Najdorf Memorial 11th"]
[Site "Buenos Aires"]
[Date "2000.09.19"]
[Round "2"]
[White "Karpov, Anatoly"]
[Black "Milos, Gilberto"]
[Result "1-0"]
[WhiteElo "2699"]
[BlackElo "2633"]
[Annotator "Ribli,Z"]
[PlyCount "75"]
[EventDate "2000.09.18"]
[EventType "tourn"]
[EventRounds "9"]
[EventCountry "ARG"]
[EventCategory "14"]
[SourceTitle "CBM 080"]
[Source "ChessBase"]
[SourceDate "2001.01.25"]
[SourceVersion "1"]
[SourceVersionDate "2001.01.25"]
[SourceQuality "1"]

1. d4 Nf6 2. c4 e6 3. g3 d5 4. Nf3 Be7 5. Bg2 O-O 6. O-O dxc4 7. Qc2 a6 8. a4
Bd7 9. Qxc4 Bc6 10. Bg5 {Statt dieser Fortsetzung spielte Schwarz gegen
denselben Gegner. (Karpov,A - Milos,G Japfa Clssic 2000 CBM 77) 10...a5 11.Nc3
Na6} Bd5 11. Qd3 (11. Qc2) 11... c5 (11... Be4) 12. dxc5 Nbd7 (12... Bxc5 13.
Nc3 Bc6 14. Ne5 (14. Qc4 Be7 15. b4 Nbd7 16. b5 Bd5 {1/2-1/2 Akopian,V-Adams,M/
Las Vegas 1999/CBM 72 (16)}) 14... Qxd3 15. Nxd3 Bd4 16. Bxf6 Bxf6 17. Rac1 Rd8
18. Rfd1 Bxc3 19. Bxc6 Nxc6 {1/2-1/2 Stohl,I-Lutz,C/Istanbul TUR 2000/The Week
in Chess 313 (19)}) 13. Nc3 Nxc5 14. Qe3 Qa5 $5 (14... Rc8 15. Rfd1 Re8 16. Ne5
Qb6 17. Bh3 {1-0 Smyslov,V-Nogueiras,J/Graz 1984/MCD (41)}) 15. Bxf6 $5 $146 {
[%mdl 4] Eine interessante Idee - Weiß gibt freiwillig den Läufer für den
Springer, um gegen den isolierten Bauern zu spielen.} (15. Rfd1 Bc6 16. Qf4 Nb3
17. Rab1 h6 18. Bxf6 Bxf6 19. Ne4 Bxe4 20. Qxe4 Nc5 21. Qe3 Qb4 22. Ne5 Rad8
23. Nd3 Nxd3 24. Rxd3 Qxa4 25. Rxd8 Rxd8 26. Bxb7 {1/2-1/2 Adianto,U-Short,N/
Beijing 2000/CBM 78 (31)}) (15. Nxd5 Nxd5 16. Qa3 Bxg5 $5 (16... Bd6 17. Nd2 $1
(17. Bd2 $2 Qb6 18. Rad1 Rfd8 19. Qa2 Ne4 20. Qb1 {0-1 Anastasian,A-Asrian,K/
Yerevan 2000/CBM 78/[Ribli] (45)}) 17... Ne4 18. Nc4 Bxa3 19. Nxa5 Nxg5 20.
Rxa3 $14) 17. Nxg5 h6 18. Rfc1 Nd7 19. Bxd5 Qxd5 20. Rd1 Qxg5 21. Rxd7 b5 22.
a5 Qe5 23. Rd2 Rad8 24. Rad1 Rxd2 25. Rxd2 Qc7 26. Qc3 Qxc3 27. bxc3 Rc8 28.
Rd6 {1/2-1/2 Stohl,I-Ribli,Z/Germany 1998/GER-chT (28)}) (15. Rad1 Bc6 16. Rd4
Nb3 17. Rc4 Rad8 18. Bxf6 Bxf6 19. Ne4 Bxe4 20. Rxe4 Nd2 {1/2-1/2 Gulko,
B-Beliavsky,A/Amsterdam 1989/CBM 14/[ChessBase] (38)}) 15... Bxf6 16. Nxd5 exd5
17. Qa3 {Ein vielseitiger Zug. Er verteidigt den Pb2, verhindert Qb4 und droht
b4.} Qb6 (17... Ne4 18. Rad1 $14) 18. Rab1 (18. b4 Ne4 (18... Bxa1 19. bxc5 Bb2
20. Qa2 Qf6 21. Rb1 Bc3 22. Qxd5 $11) 19. Rac1 Rac8 $11 {[%csl Yc3]}) 18... Nb3
(18... a5 $5) 19. Rfd1 Rfe8 20. e3 Rac8 21. Nd2 $1 $14 {[%mdl 32] Weiß muss
die stärkste schwarze Figur abtauschen.} (21. Rxd5 Be7 (21... Rc2 $2 22. a5 $18
) 22. a5 (22. Qa2 Nc1 23. Qa1 Nb3) 22... Qg6 23. Qa2 Nc1 24. Qa1 {Das ist ein
schreklich passives Feld für die Dame.} Nb3 25. Ne5 Qc2 26. Qa2 Nc1 $11) 21...
Nxd2 22. Rxd2 d4 {Schwarz hat seine Probleme scheinbar gelöst.} 23. exd4 Bxd4
24. a5 Qg6 (24... Qa7 25. Qb4 $16) 25. Rbd1 Bc5 26. b4 Bf8 27. Bxb7 $16 {
Weiß hat einen Bauern mehr, und auch der Pa6 ist schwach.} Rc2 28. Rd4 {
Weiß umgeht den Turmtausch und verteidigt den Pb4.} Rce2 (28... Ree2 29. Rf4
Ra2 30. Qd3 Re1+ 31. Kg2 $18) 29. Qf3 Re1+ 30. Kg2 Rxd1 31. Qxd1 {[%csl Ra6]}
Rb8 32. Qf3 Be7 33. b5 $1 {Weiß gibt den Mehrbauern zurück und bekommt
deutlichen Positionsvorteil.} axb5 34. a6 {[%csl Ga6,Gb7] Der weiße
a-Freibauer ist in der Nähe des Verwandlungsfeldes, das verschafft Weiß großen
Vorteil.} Bc5 35. Rd5 Qc2 (35... Ba7 36. Rd7 Qe6 (36... Rf8 37. Bd5 $18) 37.
Rxf7 $1 $18 {[%cal Rb7d5,Rd5g8]}) 36. Rd7 $18 {Das ist ein gutes Beispiel
dafür, dass die Anwesenheit ungleichfarbiger Läufer dem Angreifer zugute kommt.
Weiß hat deutliche Drohungen auf den weißen Felden.} Kh8 37. Be4 Qa2 38. Qf5 (
38. Qf5 g6 39. Qe5+ $18 {[%cal Re5b8,Re5h8]}) 1-0

[Event "Boskovic Memorial"]
[Site "Belgrade"]
[Date "2000.10.11"]
[Round "8"]
[White "Ivanisevic, Ivan"]
[Black "Beliavsky, Alexander G"]
[Result "1-0"]
[WhiteElo "2530"]
[BlackElo "2654"]
[Annotator "Ribli,Z"]
[PlyCount "135"]
[EventDate "2000.10.03"]
[EventType "tourn"]
[EventRounds "9"]
[EventCountry "YUG"]
[EventCategory "14"]
[SourceTitle "CBM 080"]
[Source "ChessBase"]
[SourceDate "2001.01.25"]
[SourceVersion "1"]
[SourceVersionDate "2001.01.25"]
[SourceQuality "1"]

1. d4 Nf6 2. c4 e6 3. Nf3 d5 4. g3 Be7 5. Bg2 O-O 6. O-O dxc4 {Beliavsky
spielt gerne die sogenannte klassische Variante. Schwarz schlägt den Pc4 und
während Weiß sich um dessen Rückeroberung bemüht, kann er die Entwicklung des
Damenflügels abschließen.} 7. Qc2 a6 8. a4 Bd7 9. Qxc4 Bc6 10. Bg5 {Die weiße
Strategie ist klar - er möchte anschließend Nc3 spielen und e4 durchsetzen.} (
10. Nc3 $2 b5) 10... Bd5 11. Qc2 (11. Qd3) 11... Be4 12. Qc1 (12. Qd1) 12...
Nc6 {Gegen einen schwächeren Spieler möchte Beliavsky die Partie
verkomplizieren. Natürlich kennt er das "letzte Wort" in dieser Variante - 12..
.Bxf3 nebst 13...c6 bietet einfaches Spiel und gute Ausgleichschancen.} (12...
h6 $5 13. Bxf6 Bxf6 14. Nc3 Bh7 (14... Bxf3 15. Bxf3 c6 16. e3 a5 17. h4 Na6
18. h5 Qe7 19. Rd1 Rfd8 20. Qc2 Nb4 21. Qb3 Rac8 22. Rac1 c5 23. dxc5 Rxd1+ 24.
Qxd1 Rxc5 {1/2-1/2 Bareev,E-Anand,V/Shenyang CHN 2000/The Week in Chess 306 
(33)}) 15. Rd1 c6 16. Ne5 Nd7 17. Nxd7 Qxd7 18. Ne4 Bxe4 19. Bxe4 {1/2-1/2
Ricardi,P-Short,N/Buenos Aires 2000/CBM 80_02 (19)}) (12... Nbd7 13. Nc3 Bc6
14. Qc2) 13. Nbd2 Bg6 {Das Schalgen des Pd4 führt zu einem Endspiel, in dem
Weiß einen kleinen aber dauerhaften Vorteil besitzt.} (13... Nxd4 14. Nxd4 Bxg2
15. Nxe6 fxe6 16. Kxg2 Qd5+ 17. Nf3 Qe4 18. Qe3 Qxe3 19. Bxe3 Nd5 20. Bd2 Rfd8
21. Rfc1 c6 22. Rc4 {1-0 Dorfman,J-Onischuk,A/Cap d'Agde 2000/CBM 80_02 (79)})
14. Nb3 {Der Springer strebt das Feld c5 an. Der schwarze Springer steht
unglücklich auf c6, er verhindert die Wirkung des c-Bauern.} (14. Rd1) 14... h6
(14... Ne4 15. Bxe7 Qxe7 16. Nh4 $14) 15. Bxf6 (15. Bf4 $6 Nd5) 15... Bxf6 {
Weiß hat einen kleinen Zentrumsvorteil, aber Schwarz besitzt hat Läuferpaar
und Weiß ist weit von der Durchsetzung von e2-e4 entfernt. Dennoch, Weiß
kontrolliert mehr Raum und hat eine freie Stellung.} 16. Rd1 Nb4 {[%cal Rg6c2,
Rc2b3,Rc2d1]} (16... a5 17. Ne5 $14 {[%cal Gd1d8]}) 17. Ne1 c6 18. a5 $1 {
[%mdl 32] Weiß muss so spielen, sonst zieht Schwarz 18...a5.} Bh5 19. Qd2 Nd5
20. Nd3 $14 {Weiß hat keine konkreten Drohungen, aber Schwarz kommt weder zu
c6-c5 noch zu e6-e5.} Re8 21. h3 $6 (21. Rf1) 21... Qb8 $5 {Eine tiefe
großmeisterliche Idee - die Dame räumt das Feld d8 für den Turm, und Schwarz
bekommt Gegenspiel mit Qa7.} 22. Rf1 {Weiß löst sich endlich aus der Fesslung
auf der Diagonlae h5-d1 und möchte nun e2-e4 ziehen.} (22. g4 $6 Bg6 $132 {
[%cal Gf6g5,Gg5d2]}) 22... Bg6 (22... e5 23. e4 Nc7 24. dxe5 Bxe5 25. Nxe5 Rxe5
26. f4 $14 {Weiß kann seine Mehrheit am Königsflügel mobilisieren, während der
schwarze Damenflügel blockiert ist.}) 23. e4 Nc7 24. Ndc5 (24. e5 Be7 $11)
24... Rd8 $1 {[%cal Gd8d2]} (24... e5 25. Nd7 (25. d5 Rd8 $13) 25... Qd8 26.
dxe5 Bxe5 27. Nbc5 $14) 25. Qe3 Nb5 $6 (25... e5 $5 26. Rad1 Qa7 {[%cal Ga7e3]}
(26... exd4 27. Nxd4) 27. d5 cxd5 28. exd5 Bc2 29. Rc1 (29. Rd2 Bg5) 29... Bxb3
30. Qxb3 Bg5 31. Rc2 Nb5 $13) 26. Rfd1 Qa7 27. e5 {Weiß muss so spielen, denn
die schwarze positionelle Drohung war e6-e5.} Be7 28. Rac1 $11 Nc7 {[%cal
Gc7d5]} 29. Na4 {Dieser Springer strebt nach b6, der andere nach c5.} (29. Nxb7
$6 Qxb7 30. Bxc6 Qa7 31. Bxa8 Rxa8 $15 {[%csl Yd5][%cal Gc7d5]}) 29... Rab8 (
29... Re8 $5 30. Nb6 Rad8) 30. Nbc5 Re8 31. Nb6 {[%csl Ra7,Gb6,Gc5]} Rbd8 32.
Rc4 (32. h4 $5) 32... Nd5 33. Bxd5 (33. Nxd5 cxd5 (33... exd5 34. Rc3 Qb8) 34.
Rc3 b6 35. axb6 Qxb6 36. Rb3 Qc6 37. Rc1 Rb8 $11) 33... exd5 (33... cxd5 34.
Rc3 $14) 34. Rc3 Qb8 35. b4 {Weiß hat positionellen Druck am Damenflügel, und
seine beiden Springer haben sichere Stützpunkte. Das schwarze Läuferpaar auf
der anderen Seite hat keine große Wirkung. Wenn die Stellung aber geöffnet
werden sollte, werden die Läufer starker sein.} Qc7 36. g4 (36. f4 Bxc5 37.
bxc5 Be4 {[%csl Ge4]}) 36... Bxc5 $1 37. bxc5 f6 $13 38. f4 Be4 {[%csl Ge4]} (
38... fxe5 39. fxe5 (39. dxe5 Be4) 39... Rf8) 39. Qg3 fxe5 40. dxe5 (40. fxe5
Rf8 $36 {[%csl Ge4]}) 40... g5 $5 41. f5 (41. fxg5 hxg5 $17 {[%csl Re5]}) 41...
Rxe5 (41... Qxe5 42. Qxe5 Rxe5 43. Nc4 Re7 44. Nd6 $44 {Weiß hat einen Bauern
weniger, aber der Springer steht ausgezeichnet auf d6 und die schwarzen Bauern
am Damenflügel sind blockiert.}) 42. Re3 {[%cal Gg3c7]} Qg7 (42... Rde8 43.
Rxe4 dxe4 44. Rd7 Qb8 45. Qb3+ $18) (42... Rf8 43. Nd7 $16) (42... Qb8 43. Nc4)
43. Nc4 $1 {Das ist der Schlüsselzug für Weiß. Er hat einen Bauern weniger,
aber der Pf5 ist stark und er bekommt einen starken Springerposten auf d6.} Re7
44. Nd6 Rf8 45. Qe1 Qe5 46. Qd2 h5 (46... Kg7 47. Qd4 $11) 47. Qd4 hxg4 (47...
Qxd4 48. Rxd4 $11) (47... Qf4 48. Rf1) 48. Qxe5 (48. hxg4 $2 Qf4 {[%csl Rg4]})
48... Rxe5 49. hxg4 Kg7 (49... Bc2 $5 50. Rxe5 Bxd1 51. Re6 Bxg4 52. Rg6+ Kh7
53. Rxg5 Bd1 54. Nxb7 Bc2 $11) 50. Rh3 Re7 51. Kf2 Rg8 $6 (51... Kf6) 52. Rd2
Kf6 53. Rh6+ {Nun muss Schwarz mit dem König vorrücken, so daß Weiß starke
Initiative bekommt.} Ke5 (53... Kg7 $2 54. f6+ Kxh6 55. fxe7 Bg6 56. Rb2 $16)
54. Ke3 $1 $16 {[%csl Re5][%mdl 4096]} Rf8 55. Nxe4 dxe4 56. Rd4 {Droht 57.
Rxe4+ mit Turmgewinn!} Rf6 57. Rh8 (57. Rxe4+ Kd5 58. Rxe7 Rxh6 59. Rxb7 $16) (
57. Rh5 $1 Rg7 58. Rh8 Re7) 57... Rff7 58. Rhd8 {Droht 59.Rd6 und 60.Rxe4 Matt.
} Kf6 (58... Rh7 59. Rxe4+ Kf6 60. Rf8+ Ref7 61. Re6+ Kg7 62. Rd8 $16) 59.
R8d6+ Kg7 60. Rg6+ Kf8 61. Rd8+ Re8 62. Rxe8+ Kxe8 63. Rxg5 Rd7 (63... Re7 64.
f6 Re6 65. Rf5 Kf7 66. g5 $18) 64. f6 $18 {Mit zwei verbundenen Freibauern
steht Weiß auf Gewinn. Das ist ein gutes Beispiel dafür, dass die Qualität der
Bauern wichtiger ist als ihre Quantität - denn die Stellung ist jetzt
materiell ausgeglichen.} Rd5 65. Rg7 (65. Rxd5 $2 cxd5 $11) 65... Rxc5 66. g5 {
[%csl Gf6,Gg5]} Kf8 67. Kxe4 Rxa5 68. Kf4 {Die weißen verbundenen Bauern -
unterstützt durch Turm und König - gewinnen leicht.} 1-0

[Event "Boskovic Memorial"]
[Site "Belgrade"]
[Date "2000.10.04"]
[Round "2"]
[White "Romanishin, Oleg M"]
[Black "Beliavsky, Alexander G"]
[Result "0-1"]
[WhiteElo "2591"]
[BlackElo "2654"]
[Annotator "Ribli,Z"]
[PlyCount "83"]
[EventDate "2000.10.03"]
[EventType "tourn"]
[EventRounds "9"]
[EventCountry "YUG"]
[EventCategory "14"]
[SourceTitle "CBM 080"]
[Source "ChessBase"]
[SourceDate "2001.01.25"]
[SourceVersion "1"]
[SourceVersionDate "2001.01.25"]
[SourceQuality "1"]

1. d4 Nf6 2. Nf3 e6 3. g3 {Großmeister Romanishin spielt gerne diese Zugfolge.}
d5 {Das ist eine natürliche Antwort, aber es gibt Alternativen - 3...c5 und 3..
.b5.} 4. Bg2 Be7 5. O-O O-O 6. c4 dxc4 {Beliavsky spielt diese Variante gerne
- und zwar mit beiden Farben.} 7. Qc2 a6 8. a4 {Heutzutage bevorzugt man diese
Fortsetzung. Die alte Spielweise ist 8.Qxc4, aber in diesem Fall kann Schwarz
relativ einfach mit 8...b5 nebst 9...Bb7 ausgleichen.} Bd7 9. Qxc4 Bc6 {
Schwarz kontrolliert mit dem Bc6 die wichtigen Zentrumsfelder e4 und d5.} 10.
Bg5 Bd5 11. Qc2 Be4 12. Qd1 {Diese Stellung kann auch mit der Zugfolge 11.Qd3
Be4 12.Qd1 erreicht werden.} (12. Qc1 h6 13. Bxf6 Bxf6 14. Nc3 Bxf3 15. Bxf3 c6
$11) 12... c5 $1 {Wenn Schwarz in der Katalanischen Eröffnung zu diesem Zug
kommt, hat er für gewöhnlich Ausgleich.} (12... Nc6 13. Nbd2 Bg6 14. Rc1 h6 15.
Bf4 Nd5 16. Nb3 Nxf4 17. gxf4 Be4 18. e3 Rb8 19. Nc5 $14 {Ljubojevic,
L-Ivanovic,B/Bugojno 1982/Inf 33 (19)}) (12... Bc6 13. Nc3 Nbd7 14. Qc2 h6 15.
Bf4 Bb4 16. a5 Rc8 17. Rfe1 Bd6 18. Bd2 Bxf3 19. Bxf3 c6 20. Bg2 Re8 {1/2-1/2
Jussupow,A-Almasi,Z/Groningen 1994/CBM 45 (28)}) (12... h6 13. Bxf6 Bxf6 14.
Nc3 Bxf3 15. Bxf3 c6 16. Qb3 Ra7 17. Rfd1 a5 18. Ne4 Be7 19. Nc5 Qc7 20. Rac1
Na6 21. Ne4 Nb4 {1/2-1/2 Stamenkovic,Z-Tosic,M/Vrnjacka Banja 1996/EXT 2000 
(38)}) 13. dxc5 (13. Nbd2 Bc6 (13... Bd5 14. dxc5 Nbd7 15. b4 a5 16. Qb1 {
1/2-1/2 Miles,A-Ribli,Z/Szeged 1997/CBM 62 (16)}) 14. dxc5 Bxc5 15. Qc2 (15.
Nb3 Be7 16. Qxd8 Rxd8 17. Na5 Bd5 (17... Be4) (17... Bb4 18. Nxc6 Nxc6 19. Rfd1
$14) 18. Ne5 $1 {1/2-1/2 Ribli,Z-Donev,I/Austria 1996/CBM 57 ext/[Donev] (53)})
15... Nbd7 16. Bxf6 gxf6 17. Nb3 Rc8 18. Nxc5 Nxc5 19. Qxc5 Bxf3 20. Qb4 Bxg2
21. Kxg2 Qd5+ 22. Kg1 Rc4 23. Qe7 Kg7 {1/2-1/2 Timoshchenko,G-Pigusov,E/
Irkutsk 1983/MCD (35)}) 13... h6 $5 $146 {Das ist eine - zweifellos
vorbereitete - Neuerung. Schwarz ist nicht zufrieden mit den alten Varianten 
(in denen er keine besonderen Probleme hat). Er nimmt den Pc5 nicht sofort,
sondern möchte die Stellung des Bg5 klären.} (13... Qxd1 14. Rxd1 Bxc5 15. Nc3
$14 {1/2-1/2 Khalifman,A-Kramnik,V/Dortmund GER 2000/78 multimedia (15)}) (
13... Bxc5 14. Nc3 Bc6 15. Ne5 Bxg2 16. Qxd8 (16. Kxg2 h6 17. Qxd8 {1/2-1/2
Polugaevsky,L-Geller,E/Leningrad 1977/URS-ch (17)}) 16... Rxd8 17. Kxg2 h6 (
17... Nbd7 18. Nxd7 Rxd7 19. Rfd1 Rad8 20. Rxd7 Rxd7 21. Rd1 Rxd1 22. Nxd1 Nd5
23. Bd2 f6 24. Nc3 Nxc3 25. Bxc3 {1/2-1/2 Korzubov,P-Kharitonov,A/Lvov 1985/
MCD (25)}) 18. Bxf6 gxf6 19. Ng4 f5 20. Ne5 Bd4 21. Rfd1 Nc6 22. Nxc6 bxc6 23.
Rd3 Be5 24. Rad1 Rdb8 {1/2-1/2 Fridman,D-Zarnicki,P/Yerevan 1996/EXT 97 (50)})
14. Be3 (14. Bxf6 Bxf6 15. Nc3 Bxc3 (15... Bc6 $5 16. Qc2 Nd7 17. b4 a5 18. b5
Bxf3 19. Bxf3 Nxc5 $11) 16. bxc3 Nd7 (16... Qa5 17. Qd4 $14) 17. Qd4 Bxf3 18.
Bxf3 Qc7 19. Qd6 {Weiß muss so spielen, sonst bekommt Schwarz mit 19...Nc5
eine ausgezeichnete Springerstellung.} Rac8 20. Qxc7 Rxc7 21. Bxb7 Nxc5 22. Bf3
Nb3 $11) 14... Nd5 15. Qc1 (15. Qd4 Bf5 16. Ne5 $13) 15... Qa5 16. Na3 {
[%cal Ga3c4]} (16. Nbd2 Nxe3 17. Nb3 (17. fxe3 Bd5 $15 {[%csl Rc5,Re2,Re3]})
17... Qb4 18. Qxe3 Nd7 $11) (16. Nc3 Bxf3 17. Bxf3 Nxe3 18. Qxe3 Bxc5 19. Qf4
Nc6 $11) 16... Nd7 (16... Qxa4 $5) 17. Nc4 Qb4 {[%csl Gb4][%mdl 32] Die
schwarze Dame steht ausgezeichnet auf b4. Weiß kann seinen Mehrbauern nicht
verteidigen.} 18. Ne1 (18. Qe1 Qxe1 (18... Qxc4 19. Nd2 Qb4 (19... Nxe3 20.
Nxc4 Nxg2 21. Qc3 $16 {[%csl Rg2]}) 20. Nxe4 Qxe1 21. Rfxe1 Nxe3 22. fxe3 Nxc5
$15) 19. Rfxe1 Nxe3 20. Nxe3 Bxc5 $15) 18... Nxe3 19. Nxe3 Nxc5 $15 {[%cal
Rc5b3,Rb3a1,Rb3c1] Schwarz hat eine solide Stellung - keine Schwächen. Der
weiße Damenflügel hingegen ist schwach.} 20. N1c2 (20. Bxe4 Qxe4 $15) 20... Qb6
21. a5 {Weiß gewinnt damit zwar Raum, aber später, im Endspiel, kann der Bauer
schwach werden.} (21. Bxe4 Nxe4 $15) 21... Qc7 {Schwarz hat eine gesunde
Stellung, während die weißen Figuren nicht gut miteinander harmonieren.} 22.
Bxe4 Nxe4 {[%csl Rc1,Rc2,Re3]} 23. Ra4 (23. Nd4 Rac8 $15) 23... Nd6 {[%cal
Gd6b5]} 24. Na3 (24. Nd4 Rac8 $15) 24... Rac8 25. Qxc7 Rxc7 {[%csl Rh6][%cal
Gf8c8,Gc8c1] Schwarz hat einen kleinen aber dauerhaften Vorteil - der Pa5
stellt eine potentielle Schwäche dar (er steht auf der Farbe des gegnerischen
Läufers), zudem kontrolliert Schwarz die c-Linie.} 26. Rd1 Rfc8 27. Kg2 {
Es ist nicht leicht für Weiß, seine Stellung zu verbessern.} Rc5 28. Rd3 Kf8 {
Schwarz verbessert seine Königsstellung. Seine Idee ist nach Ke8 den Nd6 zu
befreien und z.B. Nf5 zu ziehen.} 29. Nb1 $6 (29. Rad4 Nb5 (29... R8c6 $6 30.
b4 $11) 30. Nxb5 Rxb5 {[%csl Ra5,Rb2]} 31. Rc4 Rb8 (31... Rxc4 32. Nxc4 Bb4 33.
Rd7 $11) (31... Rcc5 32. Rxc5 Rxc5 33. Rd7 Rb5 34. Nc4 Ke8 $15 (34... Bb4) 35.
Rc7 $2 Kd8 $19) 32. Rd7 Ke8 33. Rcc7 Bd8 34. Rxf7 Bxc7 35. Rxc7 Rxb2 36. Nc4
$15) 29... Rb5 30. b3 (30. b4 Nc4 31. Nxc4 Rxc4 32. Na3 Rcxb4 $17) 30... Nf5
31. Nxf5 Rxf5 {[%mdl 4096]} 32. Nd2 (32. Rd7 Rb5 33. Nd2 $15) 32... Rd8 $1 33.
Rxd8+ Bxd8 34. Nc4 Rb5 $17 {Schwarz gewinnt einen Bauern. Denn Weiß kann nicht
gleichzeitig seinen Pa5 und Pb3 verteidigen.} 35. Ra2 (35. Ra3 Be7 $17) 35...
Rxb3 {Schwarz hat einen gesunde Mehrbauern, und der Pa5 ist nach wie vor ein
Schwachpunkt.} 36. Rd2 Ke7 {[%csl Gb3,Gd8,Ge7] Bei aktivem Figurenspiel steht
Schwarz aussichtsreich.} 37. Ne5 {Dieser Zug hilft nicht, aber guter Rat ist
schon teuer.} Bxa5 38. Rd7+ Ke8 39. Rxf7 Rb5 $19 {Das gewinnt eine Figur - die
weiße Stellung ist völlig hoffnungslos.} 40. Rxg7 Rxe5 41. Rxb7 Rxe2 42. h4 0-1